লোডিং...

Handbook of practical communication skills

গ্রন্থ-পঞ্জীর বিবরন
অন্যান্য লেখক: Wright, Chrissie (Editor)
বিন্যাস: Printed Book
ভাষা:English
প্রকাশিত: Bombay Jaico 1995
বিষয়গুলি:
LEADER 00560nam a22001697a 4500
005 20151215124916.0
008 090918t xxu||||| |||| 00| 0 eng d
082 |a 658.45  |b WRI 
100 |a Wright, Chrissie  |e Editor  |9 2031 
245 |a Handbook of practical communication skills 
300 |a vii, 280p. 
653 |a Practical communications skill 
942 |c BK  |6 _ 
260 |a Bombay  |b Jaico  |c 1995 
020 |a 8172244320 
999 |c 93965  |d 93965 
952 |0 0  |1 0  |2 ddc  |4 0  |6 65845_WRI  |7 0  |9 118266  |a SMS  |b SMS  |c REF  |d 2009-09-18  |o 658.45 WRI  |p SMS018454  |r 2009-09-18  |w 2009-09-18  |y REF